[Event "Walsrode Chessemy op-A"]
[Site "Walsrode"]
[Date "2023.03.12"]
[Round "9"]
[White "Oest, Thorsten"]
[Black "Zitzelsberger, Philipp"]
[Result "0-1"]
[WhiteElo "2067"]
[BlackElo "1958"]
[PlyCount "92"]
[EventDate "2023.03.04"]
[EventType "swiss"]
[EventRounds "9"]
[EventCountry "GER"]
[SourceTitle "CBM 213 Extra"]
[Source "ChessBase"]
[SourceDate "2023.05.31"]
[SourceVersion "1"]
[SourceVersionDate "2023.05.31"]
[SourceQuality "1"]

1. e4 e5 2. Nf3 Nc6 3. Bc4 Bc5 4. c3 Nf6 5. d3 a6 6. 0-0 Ba7 7. Nbd2 0-0 8. h3 h6 9. Re1 d6 10. Bb3 Re8 11. Nf1 Be6 12. Ng3 Qd7 13. Be3 Bxe3 14. Rxe3 d5 15. Nh4 g6 16. Rf3 Qd8 17. Nxg6 fxg6 18. Rxf6 Qxf6 19. exd5 Bf7 20. Ne4 Qf5 21. dxc6 bxc6 22. Qd2 Bxb3 23. axb3 Kg7 24. Re1 Rad8 25. Re3 Rd5 26. b4 Rb5 27. Qe2 Rf8 28. Ng3 Qf6 29. c4 Rxb4 30. Rxe5 Rf7 31. d4 Ra4 32. Qg4 Ra1+ 33. Kh2 Qxf2 34. h4 Qf4 35. Kh3 Qxg4+ 36. Kxg4 Rg1 37. Re6 Rxg2 38. h5 gxh5+ 39. Kh3 Rxb2 40. Nxh5+ Kh7 41. Nf6+ Kg6 42. Ne8+ Kg5 43. Kg3 h5 44. Re5+ Rf5 45. Re3 h4+ 46. Kh3 Rf1 0-1

[Event "Stuttgart-chA int"]
[Site "Ditzingen"]
[Date "2018.05.11"]
[Round "4"]
[White "Zitzelsberger, Philipp"]
[Black "Faulhaber, Rolf"]
[Result "1/2-1/2"]
[WhiteElo "1912"]
[BlackElo "2065"]
[PlyCount "47"]
[EventDate "2018.05.10"]
[EventType "swiss"]
[EventRounds "7"]
[EventCountry "GER"]
[SourceTitle "EXT 2020"]
[Source "ChessBase"]
[SourceDate "2019.10.17"]
[SourceVersion "1"]
[SourceVersionDate "2019.10.17"]
[SourceQuality "1"]

1. e4 e6 2. d4 d5 3. Nd2 Be7 4. Bd3 c5 5. dxc5 Nf6 6. Qe2 0-0 7. Ngf3 a5 8. 0-0 Na6 9. e5 Nd7 10. c4 Ndxc5 11. Bb1 Nb4 12. Nd4 dxc4 13. Qxc4 b5 14. Qc3 Qb6 15. Qh3 g6 16. N2f3 f5 17. Qh6 Rd8 18. Ne2 Bf8 19. Qh4 Nd5 20. Bh6 Ba6 21. Ng5 Ra7 22. Bxf8 Rxf8 23. Rd1 b4 24. Nd4 1/2-1/2